000
00281nam a2200109Ia 4500
008
190216s9999||||xx |||||||||||||| ||und||
100
_a
Veera Raghavan Nair
245
0
_a
Nalekanunnavane Innu Kanunnilla
260
_b
National Book Stall
650
_a
Malayalam Nadakam
942
_c
BK
999
_c
24362
_d
24362